Managing problem behavior in the classroom: a programmed text

Сохранить в:
Библиографические подробности
Главные авторы: Gropper, George L (Автор), Kress, Gerard (Автор)
Формат:
Язык:английский
Опубликовано: Nueva York Meridith Corporation 1970
Предметы:
Метки: Добавить метку
Нет меток, Требуется 1-ая метка записи!

MARC

LEADER 00000nam a2200000 a 4500
001 UCT0391
003 CL-VaPUC
008 960830e19700000US |||||||||||||||||eng|d
082 0 4 |a 371.102  |b GRO  |2 21 
100 0 |a Gropper, George L  |e author  |9 369040 
700 0 |a Kress, Gerard  |e author  |9 369041 
245 1 0 |a Managing problem behavior in the classroom: a programmed text 
300 |a 204 p 
942 |c BK 
945 |d 19960830 00:00:00  |a nastorga 
260 |a Nueva York  |b Meridith Corporation  |c 1970 
650 0 |a Evaluación de la educación   |9 237505 
650 0 |a Profesores   |9 308968 
650 7 |a COMPORTAMIENTO DEL DOCENTE  |2 CL-VaPUC  |9 339293 
650 7 |a COMPORTAMIENTO DEL ALUMNO  |2 CL-VaPUC  |9 338060 
650 7 |a RELACION DOCENTE ALUMNO  |2 CL-VaPUC  |9 307734 
650 7 |a RELACION ESCUELA ALUMNO  |2 CL-VaPUC  |9 334718 
583 |a last modification  |c 20160307 12:40:41  |k Rodrigo Vera 
999 |c 251396  |d 251394 
952 |0 0  |1 0  |4 0  |6 371_102000000000000_GRO_1970  |7 0  |8 P  |9 270512  |a BIBEDU  |b BIBEDU  |c BIBEDU_PB  |d 2019-11-19  |i 3225631  |o 371.102 GRO 1970  |p 3225631  |r 2024-01-25  |w 2019-11-19  |y BK  |k EDU